| 000 | 00514nam a2200181Ia 4500 | ||
|---|---|---|---|
| 005 | 20250326125338.0 | ||
| 008 | 250326s9999 xx 000 0 und d | ||
| 037 | _aTextbook | ||
| 040 |
_aFMSL _beng _cFMSL |
||
| 041 |
_aeng _2eng |
||
| 084 |
_aX8(A):93 K9 _qFMSL |
||
| 100 |
_aThakker G K _9346534 |
||
| 245 | 0 |
_aWage patterns in the industries in surat _cThakker G K |
|
| 260 |
_aNew Delhi _bNew Delhi, S Chand _c1969 |
||
| 300 | _a232p | ||
| 942 |
_cTB _hX8(A):93 K9 |
||
| 999 |
_c1277626 _d1277626 |
||